Picasso
| Main Author: | |
|---|---|
| Format: | Book |
| Language: | Undetermined |
| PhysicalDescription: | 414 s. |
| Published: |
Paris
Le Livre de Poche
1969
|
MARC
| LEADER | 00000nam a2200000 a 4500 | ||
|---|---|---|---|
| 001 | vtls001399478 | ||
| 003 | SK-MaSNL | ||
| 005 | 20260302060734.0 | ||
| 008 | 240318s1969 xx 0 und | ||
| 035 | |a SNK000353941 | ||
| 040 | |a SNK |b slo |c SNK |e AACR2 | ||
| 100 | 1 | |a Fermigier, André |4 aut |9 718751 | |
| 245 | 1 | 0 | |a Picasso |
| 260 | |a Paris |b Le Livre de Poche |c 1969 | ||
| 300 | |a 414 s. | ||
| 958 | |a OND | ||
| 999 | |c 1122413 |d 1124343 | ||
| 952 | |t P60, <04>, [BOOK], {604} |a SNK |b SNK |y VYP |7 0 |p 17A0255712 |o snkID 66563 |0 0 |1 0 |4 0 |d 2000-11-03 |l 0 |r 2005-01-02 00:00:00 |w 2026-02-24 | ||


